Online katalóg knižníc regiónu Turca

Zabi tú mrchu (Record no. 22263)

MARC details
000 -LEADER
fixed length control field 01607cam a2200517 a 4500
001 - CONTROL NUMBER
control field 22263
003 - CONTROL NUMBER IDENTIFIER
control field VRT
005 - DATE AND TIME OF LATEST TRANSACTION
control field 20260324150734.0
008 - FIXED-LENGTH DATA ELEMENTS--GENERAL INFORMATION
fixed length control field 240318s2014 xo g 000 f slo
015 ## - NATIONAL BIBLIOGRAPHY NUMBER
National bibliography number SNBA2015/03
020 ## - INTERNATIONAL STANDARD BOOK NUMBER
International Standard Book Number 9788081141553
Qualifying information (brož.)
035 ## - SYSTEM CONTROL NUMBER
System control number 6E64AD6E-A3C3-41D3-AD47-2AF88F6AD4D2
035 ## - SYSTEM CONTROL NUMBER
System control number urn:nbn:sk:snk-amjp0t
035 ## - SYSTEM CONTROL NUMBER
System control number urn:nbn:sk:snk-am002fh8
039 #9 - LEVEL OF BIBLIOGRAPHIC CONTROL AND CODING DETAIL [OBSOLETE]
Level of rules in bibliographic description 202403181907
Level of effort used to assign nonsubject heading access points VLOAD
Level of effort used to assign subject headings 201604291515
Level of effort used to assign classification VLOAD
Level of effort used to assign subject headings 201604271826
Level of effort used to assign classification VLOAD
Level of effort used to assign subject headings 201508271529
Level of effort used to assign classification VLOAD
040 ## - CATALOGING SOURCE
Original cataloging agency PPPK
Language of cataloging slo
Transcribing agency PPPK
Modifying agency SNK
Description conventions AACR2
041 0# - LANGUAGE CODE
Language code of text/sound track or separate title slo
044 ## - COUNTRY OF PUBLISHING/PRODUCING ENTITY CODE
MARC country code xo
ISO country code SK
072 #7 - SUBJECT CATEGORY CODE
Subject category code 821.162.4-3
Subject category code subdivision Slovenská próza
Source konspekt
080 ## - UNIVERSAL DECIMAL CLASSIFICATION NUMBER
Universal Decimal Classification number 821.162.4-31
Edition identifier 2001
100 1# - MAIN ENTRY--PERSONAL NAME
Personal name Hlavatá, Dana,
Dates associated with a name 1957-
Relationship aut
245 10 - TITLE STATEMENT
Title Zabi tú mrchu
Statement of responsibility, etc. Dana Hlavatá
250 ## - EDITION STATEMENT
Edition statement 1. vyd.
260 ## - PUBLICATION, DISTRIBUTION, ETC.
Place of publication, distribution, etc. Bratislava
Name of publisher, distributor, etc. Marenčin PT
Date of publication, distribution, etc. 2014
300 ## - PHYSICAL DESCRIPTION
Extent 223 s.
Dimensions 17 cm
655 #7 - INDEX TERM--GENRE/FORM
Genre/form data or focus term slovenské romány
Source of term SNKPH
655 #7 - INDEX TERM--GENRE/FORM
Genre/form data or focus term Slovak fiction
Source of term SNKPHeng
910 ## - USER-OPTION DATA (OCLC)
User-option data pppk
910 ## - USER-OPTION DATA (OCLC)
User-option data ttkjf
910 ## - USER-OPTION DATA (OCLC)
User-option data pokpoh
910 ## - USER-OPTION DATA (OCLC)
User-option data bjkdg
910 ## - USER-OPTION DATA (OCLC)
User-option data sllk
910 ## - USER-OPTION DATA (OCLC)
User-option data svkbb
910 ## - USER-OPTION DATA (OCLC)
User-option data hevk
910 ## - USER-OPTION DATA (OCLC)
User-option data totk
910 ## - USER-OPTION DATA (OCLC)
User-option data vthk
910 ## - USER-OPTION DATA (OCLC)
User-option data snk
942 ## - ADDED ENTRY ELEMENTS (KOHA)
Source of classification or shelving scheme Dewey Decimal Classification
Koha item type Krásna literatúra pre dospelých
Suppress in OPAC No
949 ## - LOCAL PROCESSING INFORMATION (OCLC)
6 270001000478752
a svkbbA 143315
b svkbbm 749821
949 ## - LOCAL PROCESSING INFORMATION (OCLC)
6 270001000479360
a svkbbA 143315-a
b svkbbm 750463
949 ## - LOCAL PROCESSING INFORMATION (OCLC)
6 2889207678
a savukPV 20069
b savuk2015/108
949 ## - LOCAL PROCESSING INFORMATION (OCLC)
6 17A1139896
a snkSD 84026
b snk2015/7414
o 84/15
s 6100:20140925
949 ## - LOCAL PROCESSING INFORMATION (OCLC)
6 17A1141542
a snkSD 84026 D1
b snk2015/9172
o 84/15
949 ## - LOCAL PROCESSING INFORMATION (OCLC)
6 273K0584358
a svkpoA 224295
b svkpo581903
Holdings
Stav vyradenia Strata Poškodenie Spôsob nadobudnutia Domovská knižnica Aktuálna knižnica Dátum nadobudnutia Cena Total checkouts Čiarový kód exemplára Date last seen Typ exemplára
      Kúpa Obecná knižnica Horná Štubňa Obecná knižnica Horná Štubňa 24.03.2026 2.99   9788081141553 24.03.2026 Krásna literatúra pre dospelých
Projekt je podporený Slovenskou asociáciou knižníc
Prevádzkuje Turčianska knižnica Martin 2026